000 00862nam a2200265Ia 4500
005 20220317001243.0
008 160825s1982 spaa g 000 0 spa
020 _a8435506355
100 1 _aPayo Díaz, Francisco
245 1 3 _aEl canario que llegó del sur
_cFrancisco Payo Díaz , ilustraciones Elena González
250 _a1a. edición
300 _a98 páginas
_bilustraciones
_c20 cm
490 _aLas campanas
650 1 4 _2LEMB
_aNovela juvenil españoles
650 1 4 _2LEMB
_aLiteratura juvenil española
650 1 4 _2LEMB
_aCanarios en la literatura
700 1 _aGonzález, Elena
_968292
942 _2loc
_cBKLIT
264 _aMadrid
_bSusaeta
_c1982
336 _atexto
_btxt
_2rdacontent
337 _asin mediación
_bn
_2rdamedia
338 _avolumen
_bnc
_2rdacarrier
040 _aCO-BoRNBP
_bspa
_erda
_cCO-BoRNBP
084 _aN PAY1
999 _c6398
_d6398